Juvenile awareness project help / 1
| VerfasserInnen: | ; |
|---|---|
| Medienart: | Druck Buch |
| Sprache: | Englisch |
| Veröffentlicht: |
Newark, N.J.
Rutgers State Univ., School of Criminal Justice
1978
|
| In: |
Juvenile awareness project help evaluation report
Jahr: 1978 |
| Bestand in Tübingen: | In Tübingen vorhanden. UB: KB 3 E 614-1 |
| Verfügbarkeit prüfen: | HBZ Gateway |
| Subito Bestelldienst: | Jetzt bestellen. |
MARC
| LEADER | 00000cam a22000002cc4500 | ||
|---|---|---|---|
| 001 | 1097415015 | ||
| 003 | DE-627 | ||
| 005 | 20220514155049.0 | ||
| 007 | tu | ||
| 008 | 920224s1978 xx ||||| 00| ||eng c | ||
| 035 | |a (DE-627)1097415015 | ||
| 035 | |a (DE-576)027415015 | ||
| 035 | |a (DE-599)BSZ027415015 | ||
| 035 | |a (OCoLC)311568626 | ||
| 040 | |a DE-627 |b ger |c DE-627 |e rakwb | ||
| 041 | |a eng | ||
| 100 | 1 | |a Finckenauer, James O. |0 (DE-588)1042849986 |0 (DE-627)769763871 |0 (DE-576)164865284 |4 aut | |
| 109 | |a Finckenauer, James O. |a Finckenauer, J. O. | ||
| 245 | 1 | 0 | |a Juvenile awareness project help |n 1 |c James O. Finckenauer; Janet R. Storti |
| 264 | 1 | |a Newark, N.J. |b Rutgers State Univ., School of Criminal Justice |c 1978 | |
| 336 | |a Text |b txt |2 rdacontent | ||
| 337 | |a ohne Hilfsmittel zu benutzen |b n |2 rdamedia | ||
| 338 | |a Band |b nc |2 rdacarrier | ||
| 583 | 1 | |a Archivierung prüfen |c 20200919 |f DE-640 |z 1 |2 pdager | |
| 700 | 1 | |a Storti, Janet R. |4 aut | |
| 773 | 1 | 8 | |a Juvenile awareness project help evaluation report |w (DE-627)1097414957 |w (DE-576)027414957 |g 1 |q 1 |7 nnam |
| 951 | |a MV | ||
| ELC | |b 1 | ||
| LOK | |0 000 xxxxxcx a22 zn 4500 | ||
| LOK | |0 001 2180642407 | ||
| LOK | |0 003 DE-627 | ||
| LOK | |0 004 1097415015 | ||
| LOK | |0 005 20020606000000 | ||
| LOK | |0 008 920224||||||||||||||||ger||||||| | ||
| LOK | |0 040 |a DE-21 |c DE-627 |d DE-21 | ||
| LOK | |0 852 |a DE-21 | ||
| LOK | |0 852 1 |c KB 3 E 614-1 |9 00 | ||
| LOK | |0 935 |a krim | ||
| LOK | |0 936ln |a k11.1.2.6 | ||
| LOK | |0 939 |a 24-02-92 |b l01 | ||
| ORI | |a SA-MARC-krimdoka001.raw | ||
| SIG | |a UB: KB 3 E 614-1 | ||
